• 首页
  • 本馆介绍
  • 公告通知
  • 最新文献
  • 馆藏检索
  • 电子资源
  • 读者导购
  • 参考咨询
  • 我的图书馆
  • 登录
  • 详细信息显示
  • 放入我的书架
  • 预约/预借图书
  • 作者相关作品
  • 分类相关作品
  • 丛书相关作品
  • 出版社相关作品

书目信息

  • 表格格式
  • 工作单格式
  • 卡片格式
题名:
内生出生率与养老金
    
 
作者: 齐玲 著
分册:  
出版信息: 北京   社会科学文献出版社  2013
页数: 190页
开本: 24cm
丛书名:
单 册:
中图分类: C924.24 , F842.612
科图分类:
主题词: 人口出生率--研究--中国 , 养老保险--研究--中国 , 人口出生率 , 养老保险
电子资源:
ISBN: 978-7-5097-4698-1
000 01298nam0 2200301 450
001 519
005 20140905094431.12
010    @a978-7-5097-4698-1@dCNY45.00
100    @a20130725d2013 em y0chiy50 ea
101 0  @achi@deng@eeng
102    @aCN@b110000
105    @ay z 000yy
106    @ar
200 1  @a内生出生率与养老金@ANei Sheng Chu Sheng Lu^ Yu Yang Lao Jin@dEndogenous fertility and pensions@f齐玲著@FQi Ling Zhu@zeng
210    @a北京@c社会科学文献出版社@d2013
215    @a190页@d24cm
300    @a教育部人文社会科学重点研究基地项目基金、国家自然科学基金资助
330    @a本书建立了静态的男女分工的生产函数,并对出生率和人力资本水平对生产函数的影响进行了分析,建立了动态的家庭内男女分工模型,证明了最佳路径的存在性,最佳路径的单调性,定常点的存在性等,分析了我国的独生子女政策,对我国的人口政策提出一些建议,总结了先进国家的养老金制度、养老金系统和养老金改革的经验,对我国的养老金制度、养老保险和养老金改革提出一些建议。
510 1  @aEndogenous fertility and pensions@zeng
606 0  @a人口出生率@x研究@y中国
606 0  @a养老保险@x研究@y中国
606 0  @a人口出生率
606 0  @a养老保险
690    @aC924.24@v5
690    @aF842.612@v5
701  0 @a齐玲@AQi Ling@g(女,@f1953.1~)@4著
801  0 @aCN@bTANGWEI@c20140603
905    @b0837907-09@dC924.24@e81@f3
    
    内生出生率与养老金=Endogenous fertility and pensions/齐玲著.-北京:社会科学文献出版社,2013
    190页;24cm
    教育部人文社会科学重点研究基地项目基金、国家自然科学基金资助
    
    ISBN 978-7-5097-4698-1:CNY45.00
    本书建立了静态的男女分工的生产函数,并对出生率和人力资本水平对生产函数的影响进行了分析,建立了动态的家庭内男女分工模型,证明了最佳路径的存在性,最佳路径的单调性,定常点的存在性等,分析了我国的独生子女政策,对我国的人口政策提出一些建议,总结了先进国家的养老金制度、养老金系统和养老金改革的经验,对我国的养老金制度、养老保险和养老金改革提出一些建议。
●
相关链接 在E读中查询图书 在五车中查询图书 在当当中查询图书 在豆瓣中查询图书


正题名:内生出生率与养老金     索取号:C924.24/81         预约/预借

序号 登录号 条形码 馆藏地/架位号 状态 备注
1 0837907   208379075   第一样本阅览室/ [索取号:C924.24/81] 在馆    
2 0837908   208379084   第一借阅区/ [索取号:C924.24/81] 在馆    
3 0837909   208379093   第一借阅区/ [索取号:C924.24/81] 在馆    
唐山师范学院图书馆 欢迎您!
大连网信软件有限公司© 版权所有